Estadísticas para Provincias de españa

Haz click aquí para intentar la prueba.

Estadísticas generales

  • Esta prueba ha sido intentada 28 veces
  • La puntuación promedio es 30 de 51

Respuestas en el mapa

Las respuestas están codificadas por una escala verde-roja en el mapa de la prueba según el % correcto abajo.
 

Estadísticas de respuestas

Respuesta% Correcto
La Coruña
78%
Malaga
78%
Alicante
74%
Asturias
74%
Cadiz
74%
Huesca
74%
Sevilla
74%
Valencia
74%
Zaragoza
74%
Barcelona
70%
Cantabria
70%
Granada
70%
Jaen
70%
Tarragona
70%
Teruel
70%
Albacete
65%
Almeria
65%
Castellon
65%
Ciudad real
65%
Huelva
65%
Lerida
65%
Madrid
65%
Murcia
65%
Orense
65%
Toledo
65%
Badajoz
61%
Caceres
61%
Pontevedra
61%
Santa Cruz de tenerife
61%
Segovia
61%
Avila
57%
Cordoba
57%
Gerona
57%
Guadalajara
57%
Las palmas
57%
Leon
57%
Alava
52%
Baleares
52%
Burgos
52%
Cuenca
52%
Palencia
52%
Salamanca
52%
Soria
52%
Valladolid
52%
Zamora
52%
La rioja
43%
Navarra
43%
Vizcaya
39%
Ceuta
26%
Melilla
26%
Guipuzca
4%

Distribución de puntuación

Porcentaje por número respondido

Porcentaje de gente con cada puntuación

Historial de tus puntuaciones

No has intentado esta prueba.